[Event "Bangalore op-B 1st"]
[Site "Bangalore"]
[Date "2024.01.19"]
[Round "5"]
[White "Dawda, Vihaan"]
[Black "Niranjan, Mocharla"]
[Result "1-0"]
[WhiteElo "1706"]
[BlackElo "1572"]
[PlyCount "115"]
[EventDate "2024.01.18"]
[EventType "swiss"]
[EventRounds "10"]
[EventCountry "IND"]
[SourceTitle "EXT 2025"]
[Source "ChessBase"]
[SourceDate "2024.10.14"]
[SourceVersion "1"]
[SourceVersionDate "2024.10.14"]
[SourceQuality "1"]

1. Nf3 d5 2. g3 c6 3. Bg2 Bf5 4. 0-0 Nd7 5. d4 Ngf6 6. c4 e6 7. Nc3 dxc4 8. a4 a5 9. Nh4 Bg6 10. Nxg6 hxg6 11. e4 Nb6 12. Bg5 Be7 13. e5 Nfd5 14. Bxe7 Nxe7 15. Ne4 Nec8 16. Qg4 Nd5 17. Rfd1 Ra6 18. Ra3 Rb6 19. Rf3 Rh5 20. Bf1 Rb4 21. Rc1 Ndb6 22. Nc5 Qe7 23. Rc2 Nxa4 24. Nxa4 Rxa4 25. Bxc4 Nb6 26. Be2 Rxe5 27. Rb3 Rg5 28. Qf4 e5 29. Qh4 Rb4 30. Rxb4 axb4 31. Qh8+ Qf8 32. Qh4 Qe7 33. Qh8+ Kd7 34. h4 Rf5 35. Bg4 exd4 36. Re2 Qf6 37. Qe8+ Kd6 38. Bxf5 gxf5 39. Qf8+ Kc7 40. Qxb4 Nd5 41. Qa5+ Nb6 42. Rd2 f4 43. Rd3 fxg3 44. Rxg3 Qe6 45. h5 d3 46. Rxd3 Qg4+ 47. Rg3 Qd1+ 48. Kg2 Qd4 49. Qc3 Qd5+ 50. Qf3 Qe5 51. Qxf7+ Kb8 52. Rxg7 Qe4+ 53. Qf3 Qd4 54. Qg3+ Ka7 55. Qa3+ Kb8 56. Rg8+ Kc7 57. Qg3+ Kd7 58. Qg7+ 1-0

[Event "Bangalore op-B 1st"]
[Site "Bangalore"]
[Date "2024.01.19"]
[Round "4"]
[White "Niranjan, Mocharla"]
[Black "Nigash, G."]
[Result "1-0"]
[WhiteElo "1572"]
[BlackElo "1887"]
[PlyCount "77"]
[EventDate "2024.01.18"]
[EventType "swiss"]
[EventRounds "10"]
[EventCountry "IND"]
[SourceTitle "EXT 2025"]
[Source "ChessBase"]
[SourceDate "2024.10.14"]
[SourceVersion "1"]
[SourceVersionDate "2024.10.14"]
[SourceQuality "1"]

1. d4 d5 2. Nf3 Bf5 3. e3 e6 4. Be2 Bd6 5. Nbd2 Nd7 6. c4 c6 7. b3 Ne7 8. Nh4 Bg6 9. Nxg6 hxg6 10. h3 Nf5 11. Nf3 Nf6 12. c5 Bc7 13. b4 Ne4 14. Bd3 Nfg3 15. Rg1 Nf5 16. Qc2 Nf6 17. Bb2 Ne7 18. Ne5 Bxe5 19. dxe5 Nd7 20. Bd4 b6 21. Rb1 b5 22. a4 a6 23. Ra1 0-0 24. g4 Qc7 25. f4 Rfb8 26. a5 Kf8 27. h4 Ke8 28. h5 Nf8 29. Qh2 Kd7 30. Ke2 Re8 31. Raf1 gxh5 32. gxh5 g6 33. Qh4 gxh5 34. Rg7 Neg6 35. Qxh5 Re7 36. f5 exf5 37. Bxf5+ Ke8 38. Rg8 Nxe5 39. Rxf8+ 1-0